Name the Sport by the Equipment Used - Statistics

General Stats
  • This quiz has been taken 29 times
  • The average score is 11 of 12
Answer Stats
Picture Answer % Correct
Badminton
100%
Golf
96%
Ice Hockey
96%
Table Tennis
96%
Tennis
96%
Baseball
93%
American Football
89%
Cricket
89%
Pool
89%
Rowing
79%
Pole Vault
75%
Football
71%
No matching quizzes found
Score Distribution
Percent of People with Each Score
Percentile by Number Answered
Your Score History
You have not taken this quiz